KYRO technologies annual report 2002
Uložené v:
| Médium: | Kniha |
|---|---|
| Jazyk: | English |
| Vydavateľské údaje: |
Tampere
Kyro Corporation
2002
|
| Predmet: | |
| Tagy: |
Žiadne tagy, Buďte prvý, kto otaguje tento záznam!
|
MARC
| LEADER | 00000nam$a2200000$$$4500 | ||
|---|---|---|---|
| 001 | 0024141 | ||
| 005 | 20240108123820.4 | ||
| 041 | 0 | |a eng | |
| 044 | |a FI | ||
| 245 | 1 | 0 | |a KYRO technologies |b annual report 2002 |
| 264 | 1 | |a Tampere |b Kyro Corporation |c 2002 | |
| 300 | |a 58 s. | ||
| 610 | 2 | 0 | |a sklo |
| 610 | 2 | 0 | |a zariadenia výrobné |
| 610 | 2 | 0 | |a energia |
| 610 | 2 | 0 | |a investície |
| 610 | 2 | 0 | |a riadenie podnikové |
| 610 | 2 | 0 | |a politika finančná |
| 610 | 2 | 0 | |a účtovníctvo |
| 610 | 2 | 0 | |a zamestnanci |
| 610 | 2 | 0 | |a audit |
| 610 | 2 | 0 | |a akcionári |
| 610 | 2 | 0 | |a Fínsko |